LIBRARY & INFORMATION CENTRE, KCAET, TAVANUR

ONLINE PUBLIC ACCESS CATALOGUE (OPAC)

Mechanics of materials (Record no. 14100)

MARC details
000 -LEADER
fixed length control field 00407nam a22001577a 4500
003 - CONTROL NUMBER IDENTIFIER
control field OSt
008 - FIXED-LENGTH DATA ELEMENTS--GENERAL INFORMATION
fixed length control field 250610b |||||||| |||| 00| 0 eng d
020 ## - INTERNATIONAL STANDARD BOOK NUMBER
ISBN 8123908946
082 ## - DEWEY DECIMAL CLASSIFICATION NUMBER
Classification number 620.1
Item number GER/ME
100 ## - MAIN ENTRY--AUTHOR NAME
Personal name Gere, James, M
100 ## - MAIN ENTRY--AUTHOR NAME
Personal name Timoshenko,Stephen,P
245 ## - TITLE STATEMENT
Title Mechanics of materials
250 ## - EDITION STATEMENT
Edition statement 2
260 ## - PUBLICATION, DISTRIBUTION, ETC. (IMPRINT)
Place of publication New Delhi
Name of publisher CBS Publishers & Distributors Pvt. Ltd.
Year of publication 2004
942 ## - ADDED ENTRY ELEMENTS (KOHA)
Koha item type Books
Holdings
Withdrawn status Lost status Damaged status Collection code Home library Current library Shelving location Date acquired Full call number Accession Number Koha item type Source of acquisition Cost, normal purchase price
        KAUAET KAUAET General Stacks 31/03/2014 620.1 GER/ME 24596 Books    
        KAUAET KAUAET General Stacks 21/06/2016 620.1 GER/ME 24627 Books Aman Book Stall Calicut 395.00
free website counter